|
|
|
|
| LEADER |
00000nab a2200000 a 4500 |
| 001 |
vtls000756443 |
| 003 |
SK-MaSNL |
| 005 |
20260304104221.0 |
| 008 |
250429c2001 xo 0 slo |
| 015 |
|
|
|a SNBRB2001/05-14710
|
| 035 |
|
|
|a CLN000108230
|
| 035 |
|
|
|a urn:nbn:sk:snk-ab7fhb
|
| 035 |
|
|
|a (urnnbn)urn:nbn:sk:snk:ar-005dj8
|
| 035 |
|
|
|a (uuid)5e9b25ad-b9c9-47b9-b3ab-fe5b97fe4ef3
|
| 040 |
|
|
|a SNKBUCL
|b slo
|c SNKBUCL
|e AACR2
|
| 041 |
0 |
|
|a slo
|
| 044 |
|
|
|a xo
|c SK
|
| 080 |
|
|
|a 616.833-009.7
|2 1997
|
| 080 |
|
|
|a 616.711
|2 1997
|
| 245 |
0 |
0 |
|a Tarlovove cysty - možný zdroj lumbalgie a radukulopartie
|c D. Veselá ... [et al.]
|
| 300 |
|
|
|b Obr.
|
| 504 |
|
|
|a Res. angl., nem., slov.
|
| 650 |
0 |
7 |
|a cysty Tarlovove
|2 snkbucl
|9 1403899
|
| 650 |
0 |
7 |
|a lumbalgia
|2 snkbucl
|9 299618
|
| 650 |
0 |
7 |
|a radikulopatia
|2 snkbucl
|9 1258039
|
| 650 |
0 |
7 |
|a cysty koreňové sakrálne
|2 snkbucl
|9 1403900
|
| 655 |
|
7 |
|a články z novín a časopisov
|2 snkbucl
|9 267496
|
| 700 |
1 |
|
|a Veselá, D.
|4 aut
|9 596155
|
| 700 |
1 |
|
|a Cicholesová, T.
|4 aut
|9 835934
|
| 700 |
1 |
|
|a Bodnár, Š.
|4 aut
|9 1127427
|
| 700 |
1 |
|
|a Menová, K.
|4 aut
|9 1251047
|
| 700 |
1 |
|
|a Šulla, Igor,
|d 1945-
|4 aut
|9 237082
|
| 773 |
0 |
|
|t Rehabilitácia
|g Roč. 34, č. 1 (2001), s. 35-38
|x 0375-0922
|
| 850 |
|
|
|a Slovenská národná knižnica
|
| 852 |
|
|
|a Slovenská národná knižnica
|
| 954 |
|
|
|a odborná, vedecká literatúra pôvodná (slovenská)
|2 lita
|
| 958 |
|
|
|a article7
|
| 958 |
|
|
|a OND
|
| 958 |
|
|
|a MI
|
| 958 |
|
|
|a EUIPO
|
| 992 |
|
|
|a RBX
|
| 999 |
|
|
|c 2851007
|d 2852937
|